| 000 | 00791 a2200217 4500 | ||
|---|---|---|---|
| 999 |
_c6529 _d6529 |
||
| 020 | _a0130464279 | ||
| 020 | _a9780130464279 | ||
| 050 | 0 | 0 | _aQP517.P49VAN2006 |
| 100 | 1 |
_aVan Holde, K. E. _d1928- |
|
| 245 | 1 | 0 |
_aPrinciples of physical biochemistry / _cKensal E. van Holde, W. Curtis Johnson, P. Shing Ho. |
| 250 | _a2nd ed. | ||
| 264 |
_aNew Jersey: _bPearson, _c2006 |
||
| 300 |
_axiii, 710, [27] p. : _bill. |
||
| 500 | _aincludes index | ||
| 504 | _aIncludes bibliographical references and index. | ||
| 650 | 0 | _aPhysical biochemistry. | |
| 700 | 1 | _aJohnson, W. Curtis. | |
| 700 | 1 |
_aHo, Pui Shing, _d1957- |
|
| 942 |
_2lcc _cBK _h517.P49 _iVAN _kQP |
||